000 01052nam a22002057a 4500
003 OSt
005 20170924123124.0
008 160502s2017 ua a g b 000 0 ara d
040 _aMa-Un
_bara
_cDar Arab
082 0 4 _a004.21
_221
_bش ع أ
100 1 _aالشوري، عمرو إبراهيم
_959779
245 1 0 _aأدوات تحليل البيانات والمعلومات :
_b(مقدمة في تحليل وتصميم النظم-أدوات تحليل النظم-دورة حياة وإعداد النظم-مفاهيم أساسية في تحليل وتصميم النظم) /
_cعمرو الشوري.
250 _aط. 1.
260 _aالإسكندرية، مصر:
_bدار التعليم الجامعي للطباعة والنشر والتوزيع،
_c2017.
300 _a181 ص. :
_bإيض. ؛
_c24 سم.
504 _aيشتمل علي إرجاعات ببليوجرافية.
650 4 _aتحليل النظم (حاسبات إلكترونية)
_959781
650 4 _aتصميم النظم (حاسبات إلكترونية)
_912632
942 _cBOOK
999 _c40942
_d310562